000 00961cab a2200205 4500
001 L130540
008 050811n2005 000 0 eng u
035 _a(Sirsi) u130540
041 _aeng
100 _aSmulian, Mark
245 _aWho will foot the bill for infrastructure?
260 _c2005
490 _aAxis
_v58(9) July/August, 14-15(2)
520 _aReports on the lack of finance for the infrastructure to back up the new housing developments planned in the south east. Discusses the report "The costs and funding of growth in south east England." Contains table outlining total infrastructure costs, estimated funding gaps and available planning contributions.
590 _aIKA160805
651 4 _aEngland
_y886-
690 _aPROPERTY-INFRASTRUCTURE-INFRASTRUCTURE FINANCE AND INVESTMENT
856 _uhttps://www3.hants.gov.uk/cost_and_funding_of_growth_in_se_england.pdf
_zView the report free of charge at www3.hants.gov.uk
942 _n0
999 _c75686
_d75686